A fegyveres összeütközések hatása a nemzetközi szerződésekre

Elmentve itt :
Bibliográfiai részletek
Szerző: Szalai Anikó
További közreműködők: Bodnár László (Témavezető)
Blutman László (Témavezető)
Dokumentumtípus: Disszertáció
Megjelent: 2012-05-16
Tárgyszavak:
doi:10.14232/phd.1376

mtmt:2213621
Online Access:http://doktori.ek.szte.hu/1376
LEADER 00859nta a2200229 i 4500
001 dokt1376
005 20191011154121.0
008 120217s2012 hu om 0|| hun d
024 7 |a 10.14232/phd.1376  |2 doi 
024 7 |a 2213621  |2 mtmt 
040 |a SZTE Doktori Repozitórium  |b hun 
041 |a hun 
100 1 |a Szalai Anikó 
245 1 2 |a A fegyveres összeütközések hatása a nemzetközi szerződésekre  |h [elektronikus dokumentum] /  |c  Szalai Anikó 
260 |c 2012-05-16 
502 |a Disszertacio 
650 4 |a állam- és jogtudományok 
650 4 |a Jogtudomány 
700 0 1 |a Bodnár László  |e ths 
700 0 1 |a Blutman László  |e ths 
856 4 0 |u https://doktori.bibl.u-szeged.hu/id/eprint/1376/1/Szalai_Aniko_PhD_disszertacio.pdf  |z Dokumentum-elérés  
856 4 0 |u https://doktori.bibl.u-szeged.hu/id/eprint/1376/2/Szalai_tezisek.pdf  |z Dokumentum-elérés